000 00407nam a2200181Ia 4500
001 17467
005 20260306171519.0
008 260306s9999||||xx |||||||||||||| ||und||
041 _aESP
082 _a658
_bH59
100 _aHitt, Michael A.
_eAUT
245 0 _aAdministración
260 _c2006
300 _a736 páginas :
_c27 cm.
650 _aGEN
654 _aCAN
942 _cLIB
_dJUS
_fJUS
_2ddc
_n
999 _c17467
_d17467